LEADER 00993nam0-2200337---450- 001 990009805760403321 005 20140108111655.0 010 $a978-88-204-0820-6 035 $a000980576 035 $aFED01000980576 035 $a(Aleph)000980576FED01 035 $a000980576 100 $a20140108d2012----km-y0itay50------ba 101 0 $aita 102 $aIT 105 $aa-------001yy 200 1 $aIncontri a margine$eculture urbane nell'Africa contemporanea$fValerio Bini, Martina Vitale Ney (a cura di) 210 $aMilano$cFrancoAngeli$d2012 215 $a166 p.$cill.$d23 cm 225 1 $aScienze geografiche$v37 610 0 $aCittą$aSociologia$aAfrica 676 $a307.76096$v22$zita 702 1$aBini,$bValerio 702 1$aVitale Ney,$bMartina$f<1971- > 801 0$aIT$bUNINA$gREICAT$2UNIMARC 901 $aBK 912 $a990009805760403321 952 $aCollez. 2014 (37)$b49941$fFSPBC 959 $aFSPBC 996 $aIncontri a margine$9837396 997 $aUNINA LEADER 01253cam--2200409---450- 001 990003539830203316 005 20110614161013.0 010 $a978-88-428-1392-7 035 $a000353983 035 $aUSA01000353983 035 $a(ALEPH)000353983USA01 035 $a000353983 100 $a20110613d2010----km-y0itay50------ba 101 1 $aita$ceng 102 $aIT 105 $ay|||||||001yy 200 1 $aWicked messenger$eBob Dylan e gli anni Sessanta$fMike Marqusee$gtraduzione di Seba Pezzani 210 $aMilano$cIl Saggiatore$d2010 215 $a363 p.$d22 cm 225 2 $a<> cultura$v684 410 0$12001$a<> cultura$v684 454 0$12001$aWicked messenger$936820 600 1$aDylan,$bBob$2BNCF 676 $a782.42166092 700 1$aMARQUSEE,$bMike$0610138 702 1$aPEZZANI,$bSebastiano 801 0$aIT$bsalbc$gISBD 912 $a990003539830203316 951 $aXIII.3.D. 456$b223627 L.M.$cXIII.3.D.$d00297169 959 $aBK 969 $aUMA 979 $aPASSARO$b90$c20110613$lUSA01$h1536 979 $aPASSARO$b90$c20110613$lUSA01$h1539 979 $aANNAMARIA$b90$c20110614$lUSA01$h1609 979 $aANNAMARIA$b90$c20110614$lUSA01$h1610 996 $aWicked messenger$936820 997 $aUNISA